| 000 | 00507cam a2200169 a 4500 | ||
|---|---|---|---|
| 001 | 000004881 | ||
| 005 | 20200929151527.0 | ||
| 008 | 780601s1967 sp 001 0 spa | ||
| 040 |
_aDO-SdBNP _bspa _cBNPHU |
||
| 082 |
_aPR863.44 _bL864p |
||
| 100 | 1 |
_aLópez, Julio Cesar, _d1926- _914126 |
|
| 245 | 1 | 0 |
_aPeregrino de sombras / _cJulio Cesar López. |
| 260 |
_aBarcelona : _bRumbos, _c1967. |
||
| 300 |
_a85 p. ; _c20 cm. |
||
| 650 | 4 |
_aCuento puertorriqueño _914127 |
|
| 650 | 4 |
_aLiteratura puertorriqueña _9250 |
|
| 999 |
_c4687 _d4687 |
||